01149nam a22001457a 4500020001600000082001700016245006900033260007900102300001500181520066500196546000600861650009700867700002400964700001500988 a97885835888 a338.18bPOL- aPolicy and Technological Options for Doubling of Farmer's Income aChandigarhbCentre for Research in Rural and Industrial Development c2018 avii, 402p. aThis book is a compilation of edited papers, presented in the National Seminar on 'Policy and Technological Options for doubling of Farmers' The seminar was organised by State Bank of India (SRI) Chair, Centre for Research in Rural and Industrial Development (CRRID) on March 22- 23, 2018. In total, 33 of 60 papers received tram 15 States were presented in the seminar at CRRID. These papers are mainly based on primary surveys, though some scholars have used secondary data too. The current policies relating to agriculture and new options for increasing farmers' income are critically examined to bring out the actionable policy inputs for the stakeholders  a  aAgriculture Economics vRural distressvFarmers' incomevInformation technology- Agriculture aSangwan, Sher Singh aGagan Deep